000 00717nam a2200229 a 4500
999 _c923
_d923
001 923
003 BD-JhCC
005 20200401134007.0
008 171011s2015 b a|||| |||| 000 0 ben d
020 _a8170667135
035 _a(BD-JhCC)923
040 _aBD-JhCC
_dBD-JhCC
041 _aben
082 _a891.4435
_bTAG 2015
100 _aঠাকুর ,অবনীন্দ্রনাথ
245 _aক্ষীরের পুতুল /
_cঅবনীন্দ্রনাথ ঠাকুর
260 _aকলকাতা :
_bআনন্দ,
_c২০১৫.
300 _a৫৩ পৃ.:
_c১৬সেমি.
650 _aShort stories
_xJuvinel literature
942 _2ddc
_cBK
_02